00326nam a2200121Ia 4500008004100000041000800041082001200049100001600061245004500077260004400122300003100166365000700197240624s9999 xx 000 0 und d aeng a060 JAI aJAIN KARUNA aNATIONAL COFERENCE ON INDUSTRIAL ENGINEE c2014aNew DelhibExcel India Publishers axii, : 440 : p. : cm. ; 27 cRS